Ciudadano Kane
Salvato in:
| Natura: | Libro |
|---|---|
| Lingua: | inglese |
| Pubblicazione: |
Santiago
VMC Video
1941
|
| Serie: | Grandes Clásicos del Cine, 3
|
| Soggetti: | |
| Tags: |
Aggiungi Tag
Nessun Tag, puoi essere il primo ad aggiungerne!!
|
MARC
| LEADER | 00000nam a2200000 a 4500 | ||
|---|---|---|---|
| 001 | UCL9564 | ||
| 003 | CL-VaPUC | ||
| 008 | 040813e19410000CL |||||||||||||||||eng|d | ||
| 082 | 0 | 4 | |a 791.43653 |b CIU |2 21 |
| 245 | 1 | 0 | |a Ciudadano Kane |
| 942 | |c BK | ||
| 945 | |d 20040813 00:00:00 |a cmena | ||
| 260 | |a Santiago |b VMC Video |c 1941 | ||
| 500 | |a Título original: Citizen Kane | ||
| 500 | |a Director: Orson Welles | ||
| 500 | |a Actores: Joseph Cotten, Dorothy Comingore, Ray Collins | ||
| 500 | |a Fotografía: Blanco y negro | ||
| 500 | |a Clasificación: Todo espectador | ||
| 500 | |a Duración: 119 minutos | ||
| 500 | |a Incluye además: Documental La batalla por el ciudadano Kane, dirigida por Thomas Lennon, Michael Epstein, fotografía color, duración 113 minutos | ||
| 500 | |a Un destacado financiero estadounidense Charles Foster Kane, dueño de una importante cadena de periódicos, de una red de emisoras, de dos sindicatos y de una inimaginable colección de obras de arte, muere en su fabuloso castillo de estilo oriental, Xanadú. La última palabra que pronuncia al expirar es Rosebud. El país entero y la prensa en general quedan intrigados por saber el significado de esta palabra. Para descubrirlo, un grupo de periodistas se pone a investigar | ||
| 650 | 7 | |a PELICULAS CINEMATOGRAFICAS |2 CL-VaPUC |9 487431 | |
| 650 | 0 | |a Capitalismo |9 255255 | |
| 650 | 0 | |a Naturaleza humana |9 308593 | |
| 650 | 0 | |a Ambición |9 343107 | |
| 583 | |a last modification |c 20040813 00:00:00 |k Rodrigo Vera | ||
| 490 | 0 | |a Grandes Clásicos del Cine, 3 | |
| 999 | |c 310309 |d 310307 | ||
| 952 | |0 0 |1 0 |4 0 |6 791_436530000000000_CIU_1941 |7 0 |8 R |9 378607 |a BIBARQ |b BIBARQ |d 2019-11-21 |i 4047036 |o 791.43653 CIU 1941 |p 4047036 |r 2025-01-20 |w 2019-11-21 |y BK_R |k ARQ | ||